| 000 | 00369nam a22001337a 4500 | ||
|---|---|---|---|
| 082 |
_a692.80941 _bCOO _cL-14, P-163 |
||
| 100 |
_aBRIAN COOK. _945501 |
||
| 245 |
_aContract planning case studies. _bCOOK.BRIAN |
||
| 260 |
_alondon. _bMacmillan education. |
||
| 300 |
_a206p. _bill. |
||
| 526 |
_a0 _b0 _c0 _d692_809410000000000_COO |
||
| 650 |
_aMCE _9379 |
||
| 942 |
_2ddc _cBK |
||
| 999 |
_c549007 _d549007 |
||